[Event "Fechenheim CC-ch 0203 4th"]
[Site "Frankfurt Fechenheim"]
[Date "2003.02.07"]
[Round "5"]
[White "Ehrsam, Georg"]
[Black "Schmidt, Peter1111"]
[Result "1/2-1/2"]
[WhiteElo "1800"]
[BlackElo "1361"]
[PlyCount "43"]
[EventDate "2002.10.04"]
[EventType "swiss"]
[EventRounds "7"]
[EventCountry "GER"]
[SourceTitle "EXT 2010"]
[Source "ChessBase"]
[SourceDate "2010.11.25"]
[SourceVersion "1"]
[SourceVersionDate "2010.11.25"]
[SourceQuality "1"]

1. d4 Nf6 2. c4 e6 3. Nc3 d5 4. Nf3 Nc6 5. Bg5 Be7 6. e3 0-0 7. Rc1 h6 8. Bh4 Nh5 9. Bg3 Nxg3 10. hxg3 Bf6 11. Bd3 dxc4 12. Bxc4 e5 13. d5 Ne7 14. e4 a6 15. Qd2 Ng6 16. Rd1 Bg5 17. Qc2 Bg4 18. Be2 Qe7 19. 0-0 Rad8 20. Qb3 Rd6 21. a3 Rb6 22. Qc2 1/2-1/2

[Event "Fechenheim CC-ch 0203 4th"]
[Site "Frankfurt Fechenheim"]
[Date "2002.12.14"]
[Round "3"]
[White "Ehrsam, Georg"]
[Black "Winter, Lars"]
[Result "0-1"]
[WhiteElo "1800"]
[BlackElo "1877"]
[PlyCount "98"]
[EventDate "2002.10.04"]
[EventType "swiss"]
[EventRounds "7"]
[EventCountry "GER"]
[SourceTitle "EXT 2010"]
[Source "ChessBase"]
[SourceDate "2010.11.25"]
[SourceVersion "1"]
[SourceVersionDate "2010.11.25"]
[SourceQuality "1"]

1. e4 c5 2. Nc3 Nc6 3. g3 g6 4. Bg2 Bg7 5. Nge2 e5 6. d3 Nge7 7. 0-0 d6 8. Be3 Rb8 9. Qd2 h5 10. h3 Nd4 11. Nd1 Bxh3 12. Bxd4 Bxg2 13. Be3 Bf3 14. Kh2 h4 15. g4 Bxg4 16. f3 Bc8 17. Ng1 Qd7 18. Rb1 f5 19. b4 f4 20. Bf2 g5 21. bxc5 g4 22. fxg4 Qxg4 23. Qe2 Qg6 24. cxd6 Nc6 25. c3 h3 26. Be1 Bf6 27. Nf3 Qg2+ 28. Qxg2 hxg2+ 29. Kxg2 Bh3+ 30. Kf2 Bxf1 31. Kxf1 Kd7 32. Nf2 Rhg8 33. Nh3 Kxd6 34. Bf2 b6 35. Rd1 Rbd8 36. d4 Kc7 37. d5 Na5 38. Rb1 Nc4 39. Rb4 Nd6 40. Nd2 Rd7 41. c4 Rh7 42. Ng1 Bh4 43. c5 Bxf2 44. cxd6+ Kxd6 45. Ngf3 Be3 46. Rc4 Rh1+ 47. Ke2 Rg2+ 48. Kd3 Rxd2+ 49. Nxd2 Rd1 0-1

[Event "Fechenheim CC-ch 0203 4th"]
[Site "Frankfurt Fechenheim"]
[Date "2002.10.04"]
[Round "1"]
[White "Paassen, Klaus"]
[Black "Ehrsam, Georg"]
[Result "1/2-1/2"]
[WhiteElo "1460"]
[BlackElo "1800"]
[PlyCount "54"]
[EventDate "2002.10.04"]
[EventType "swiss"]
[EventRounds "7"]
[EventCountry "GER"]
[SourceTitle "EXT 2010"]
[Source "ChessBase"]
[SourceDate "2010.11.25"]
[SourceVersion "1"]
[SourceVersionDate "2010.11.25"]
[SourceQuality "1"]

1. d4 d5 2. c4 e6 3. Nc3 Nf6 4. Nf3 Nbd7 5. e3 c6 6. Bd3 Be7 7. 0-0 0-0 8. b3 b6 9. Qc2 Bb7 10. Bb2 Rc8 11. Rad1 c5 12. dxc5 bxc5 13. cxd5 exd5 14. Be2 Qc7 15. Nb5 Qb8 16. Nc3 Rfd8 17. Qf5 Nf8 18. Rc1 Ng6 19. Rfd1 a6 20. Na4 Rc6 21. Ne5 Nxe5 22. Bxe5 Qc8 23. Qxc8 Rdxc8 24. Bf3 Re6 25. Bxf6 Rxf6 26. Bxd5 Bxd5 27. Rxd5 Rfc6 1/2-1/2